Business Result. Upper-Intermediate: Class CDs

গ্রন্থ-পঞ্জীর বিবরন
প্রধান লেখক: Duckworth M.
অন্যান্য লেখক: Turner R.
ভাষা:ইংরেজি
প্রকাশিত: New York, Oxford University Press, 2008
বিষয়গুলি:
বিন্যাস: বৈদ্যুতিক গ্রন্থ
KOHA link:https://koha.lib.tpu.ru/cgi-bin/koha/opac-detail.pl?biblionumber=157688

MARC

LEADER 00000nlm0a2200000 4500
001 157688
005 20231101222001.0
010 |a 9780194768139 
035 |a (RuTPU)RU\TPU\book\171045 
090 |a 157688 
100 |a 20090413d2008 m y0engy50 ba 
101 0 |a eng 
102 |a US 
105 |a y j 000zy 
135 |a vocna---uucaa 
200 1 |a Business Result. Upper-Intermediate  |b electronic resource  |e Class CDs  |f M. Duckworth, R. Turner 
210 |a New York  |c Oxford University Press  |d 2008 
215 |a 2 Мультимедиа CD-ROM 
230 |a Мультимедиа ресурсы (10 директорий; 100 файлов; 740MB) 
337 |a Pentium 100 MHz, 16 Mb RAM, Windows 95/98/NT/2000, CDROM, SVGA, звуковая карта, Internet Explorer 5.0 и выше 
606 1 |a Английский язык  |x Учебные руководства и пособия  |x Учебные руководства и пособия для высшей школы  |2 stltpush  |3 (RuTPU)RU\TPU\subj\29071  |9 52483 
610 1 |a лексика 
610 1 |a грамматика 
610 1 |a разговорная речь 
610 1 |a упражнения 
610 1 |a видеокассеты 
686 |a Ш143.21-923  |v LBC/SL-A  |2 rubbk 
700 1 |a Duckworth  |b M. 
701 1 |a Turner  |b R. 
801 1 |a RU  |b 63413507  |c 20090413  |g PSBO 
801 2 |a RU  |b 63413507  |c 20210212  |g PSBO 
942 |c CF